000 00890nam a2200229 i 4500
001 182803
003 ES-MaACL
005 20231227062625.0
008 131106s1986 sp |||| |dspa d
080 _a929 Menéndez y Pelayo, Marcelino
080 _a027(460.27 M.)(091)
100 1 _aEscolar Sobrino, Hipólito.
_947607
245 1 0 _aMenéndez Pelayo, director de la Biblioteca Nacional /
_cpor Hipólito Escolar Sobrino.
260 _a[Madrid :
_bFundación Universitaria Española,
_c1986]
300 _aP. 607-622 ;
_c24 cm.
534 _pSeparata de: Homenaje a Luis Morales Oliver.
600 1 7 _aMenéndez y Pelayo, Marcelino,
_d1856-1912
_2embne
_980332
610 2 4 _aBiblioteca Nacional (España)-
_vHistoria.
_92190
710 2 _aFundación Universitaria Española.
_94426
852 _aES-MaACL
_j2329-F-14
_z.- Dedicatoria autógrafa del autor
999 _c182803
_d182803